书目信息 |
| 题名: |
经济全球化与国际建筑市场
|
|
| 作者: | 卢有杰 编著 | |
| 分册: | ||
| 出版信息: | 北京 中国水利水电出版社 2005.01 |
|
| 页数: | 189页 | |
| 开本: | 20cm | |
| 丛书名: | 清华大学管理丛书 | |
| 单 册: | ||
| 中图分类: | F426.9 | |
| 科图分类: | ||
| 主题词: | 建筑企业--企业管理--研究--中国 , 建筑业--国际市场--研究 | |
| 电子资源: | ||
| ISBN: | 7-5084-2601-0 | |
| 000 | 00961nam 2200265 450 | |
| 001 | 010563637703 | |
| 005 | 20050622151420.24 | |
| 010 | @a7-5084-2601-0@dCNY16.00 | |
| 100 | @a20050310d2005 km y0chiy0120 ea | |
| 101 | 0 | @achi |
| 102 | @aCN@b110000 | |
| 105 | @ay a 000yy | |
| 200 | 1 | @a经济全球化与国际建筑市场@Ajing ji quan qiu hua yu guo ji jian zhu shi chang@f卢有杰编著@Flu you jie bian zhu |
| 210 | @a北京@c中国水利水电出版社@d2005.01 | |
| 215 | @a189页@d20cm | |
| 225 | 2 | @a清华大学管理丛书@f方东平,刘洪玉主编 |
| 320 | @a有书目。 | |
| 330 | @a本书内容包括:全球化纵览,全球建筑市场,各国承包商竞争态势,我国建筑业的应对措施, | |
| 410 | 0 | @12001 @a清华大学管理丛书@1701 0@a方东平@Afang dong ping@4主编@1701 0@a刘洪玉@Aliu hong yu@4主编 |
| 606 | 0 | @a建筑企业@x企业管理@x研究@y中国 |
| 606 | 0 | @a建筑业@x国际市场@x研究 |
| 690 | @aF426.9@v4 | |
| 701 | 0 | @a卢有杰@Alu you jie@4编著 |
| 801 | 0 | @aCN@bRULIN@c20050622 |
| 905 | @a10447@dF426.9@eL795 | |
| 经济全球化与国际建筑市场/卢有杰编著.-北京:中国水利水电出版社,2005.01 |
| 189页;20cm.-(清华大学管理丛书/方东平,刘洪玉主编) |
| ISBN 7-5084-2601-0:CNY16.00 |
| 本书内容包括:全球化纵览,全球建筑市场,各国承包商竞争态势,我国建筑业的应对措施, |
| ● |
| 相关链接 |
|
|
|
正题名:经济全球化与国际建筑市场
索取号:F426.9/L795
 
预约/预借
| 序号 | 登录号 | 条形码 | 馆藏地/架位号 | 状态 | 备注 |
| 1 | 520582 | 205205829 | 社科二线422/409社科库 36排6列5层/ [索取号:F426.9/L795] | 在馆 | |
| 2 | 520583 | 205205838 | 社科库409/409社科库 36排7列3层/ [索取号:F426.9/L795] | 在馆 | |
| 3 | 520584 | 205205847 | 社科二线422/409社科库 36排7列3层/ [索取号:F426.9/L795] | 在馆 |